banner koha

Dados histoquimicos sobre o epiteilio da vesicula biliar de saguis (Callithrix jacchus e Callithrix penicillata) (Registro n. 100454)

MARC details
000 -LÍDER
campo de controle de tamanho fixo 00899nas a2200277 4500
001 - NÚMERO DE CONTROLE
campo de controle BR7901754
003 - IDENTIFICADOR DO NÚMERO DE CONTROLE
campo de controle BR-BrBNA
005 - DATA E HORÁRIO DA ÚLTIMA TRANSAÇÃO
campo de controle 20231205083652.0
007 - CAMPO FIXO DE DESCRIÇÃO FÍSICA--INFORMAÇÃO GERAL
campo de controle de tamanho fixo ta
008 - CAMPO DE DADOS FIXOS--INFORMAÇÃO GERAL
campo de controle de tamanho fixo 230509b bl.|||p| |||| 00| 00por d
040 ## - FONTE DA CATALOGAÇÃO
Instituição da catalogação original BR-BrBNA
Idioma da catalogação por
Instituição que transcreveu o registro Biblioteca Nacional de Agricultura
041 ## - CÓDIGO DE IDIOMA
Código do idioma do texto/trilha sonora ou título diferente (Pt)
072 ## - CÓDIGO DE CATEGORIA DE ASSUNTO
Código de Categoria de Assunto L40
100 1# - ENTRADA PRINCIPAL--NOME PESSOAL
Nome pessoal Moura, C.S.
100 1# - ENTRADA PRINCIPAL--NOME PESSOAL
Nome pessoal Chezzi, L.A.M.
100 1# - ENTRADA PRINCIPAL--NOME PESSOAL
Nome pessoal Perozzo, P.S.L.
100 1# - ENTRADA PRINCIPAL--NOME PESSOAL
Nome pessoal Barbosa, J.A.H.L.
100 1# - ENTRADA PRINCIPAL--NOME PESSOAL
Nome pessoal Menezes, M.S.
245 1# - TÍTULO
Título Dados histoquimicos sobre o epiteilio da vesicula biliar de saguis (Callithrix jacchus e Callithrix penicillata)
650 ## - ASSUNTO--TERMO TÓPICO
Cabeçalho tópico ou nome geográfico ESTRUTURA ANIMAL
650 ## - ASSUNTO--TERMO TÓPICO
Cabeçalho tópico ou nome geográfico SAGUI
650 ## - ASSUNTO--TERMO TÓPICO
Cabeçalho tópico ou nome geográfico HISTOQUIMICA
773 0# - ENTRADA ANALÍTICA
Título Arquivos da Escola de Medicina Veterinaria da Universidade Federal da Bahia (Brazil)
ISSN - International Standard Serial Number ISSN 0100-2597
Partes relacionadas (1978), v. 3(1) p. 76-84
Número de controle do registro BR7901754
909 ## -
-- 202311
-- Lúcia
-- 55
-- Lúcia Elande
942 ## - ELEMENTOS DE ENTRADA ADICIONADOS (KOHA)
Fonte da classificação ou esquema de arquivamento na estante Classificação AGRIS
Ocultar no OPAC Não
Tipo de material Koha Analítica
Exemplares
Situação do descarte Fonte da classificação ou esquema de arquivamento na estante Situação física Não pode ser emprestado Biblioteca de origem Biblioteca atual Localização na estante Enumeração do periódico / cronologia Total de empréstimos Data de último acesso Número do exemplar Tipo de material Koha Fonte de aquisição
  Classificação AGRIS   Consulta local Biblioteca Nacional de Agricultura - Binagri Biblioteca Nacional de Agricultura - Binagri   (1978), v. 3(1) p. 76-84   29/11/2023 01 Periódicos Portaria Interministerial nº 164/94

BINAGRI

Telefone: (61)3218-2567/2388/3357/2097 - binagri@agro.gov.br

Ministério da Agricultura e Pecuária , Esplanada dos Ministérios, Bloco D, Anexo B, Brasília/DF, CEP: 70.043-900